Loading...
The economics book/
| Format: | Printed Book |
|---|---|
| Language: | English |
| Published: |
London:
DK,
2012.
|
| Subjects: |
| LEADER | 00474 a2200145 4500 | ||
|---|---|---|---|
| 008 | 131030b xxu||||| |||| 00| 0 eng d | ||
| 020 | |a 9781409376415 | ||
| 082 | |a 330 | ||
| 245 | |a The economics book/ | ||
| 260 | |c 2012. |b DK, |a London: | ||
| 300 | |a 352p. |c 23cm. | ||
| 650 | |a Economics |v Post War Economics | ||
| 942 | |2 ddc |c REF | ||
| 999 | |c 100520 |d 100520 | ||
| 952 | |0 0 |1 0 |4 0 |6 330_000000000000000_ECO |7 0 |9 100330 |a UL |b UL |c REF |d 2013-06-07 |e 2 |g 1056.09 |l 0 |o 330 ECO |p 89234 |r 2013-09-12 |v 1508.71 |y REF | ||